00621nam a2200145Ia 4500008004100000050002400041100002600065245013000091260008600221300002000307521001500327942000700342999001900349952010700368140724s9999 xx 000 0 und d aLB 1031b.T173 2014 aTapnio, Ianne Pamela. aStudents' learning style preferences and teachers' instructional strategies of Creative Middle School /cIanne Pamela Tapnio. aLas Piñas, Philippines :bSouthville International School and Colleges,cc2014. a93 p. :c28 cm. aPsychology cTH c229305d229305 001040aCLbCLcTHESESd2014-07-24l0oLB 1031 .T173 2014pT0659r2018-05-15 00:00:00w2014-07-24yTH